Statistics for The Loud House POP QUIZ

Click here to take the quiz!

General Stats

  • This quiz has been taken 513 times
  • The average score is 10 of 15

Answer Stats

The Loud HouseAnswer% Correct
How many sisters does Lincoln have?10
98%
Who is the oldest sister?Lori
97%
Who is Lincoln best friend?Clyde
93%
How many pets does the loud family had?4
91%
How many years old is Lucy?8
88%
Who is the 5th oldest sister?Lynn
83%
Who is Lincoln girlfriend?Ronnie Anne
79%
Who is the 3rd oldest sister?Luna
75%
Who is Luna's roomate?Luan
73%
Who is Lincoln's mother?Rita
73%
Who is the 6 years old twins?Lana and Lola
52%
What is Lincoln's favorite comic book?Ace Savvy
49%
Who is Lincoln's father?Lynn Loud Sr
46%
Which episode cause Lily says the ''D'' word?Potty Mouth
30%
Which episode cause Lola knows her siblings secrets?A Tattler's Tale
21%

Score Distribution

Percentile by Number Answered

Percent of People with Each Score

Your Score History

You have not taken this quiz